[Event "Frankfurt Ch B 2016"]
[Site "Ffm-Höchst, BiKuZ"]
[Date "2016.06.13"]
[Round "7.7"]
[White "Brunner, Andreas"]
[Black "Nebel, Marcel"]
[Result "1-0"]
[WhiteElo "1300"]
[BlackElo "1210"]
[PlyCount "103"]
[EventDate "2016.??.??"]
[WhiteTeam "FV Berkersheim"]
[BlackTeam "SF Friedberg"]

1. d4 d5 2. e3 Nf6 3. c4 e6 4. Nc3 c5 5. Nf3 cxd4 6. exd4 Nc6 7. a3 h6 8. c5
Bd7 9. Be2 b6 10. cxb6 Qxb6 11. O-O Be7 12. Rb1 O-O 13. b4 Rac8 14. Be3 a5 15.
Na4 Qa7 16. b5 Nd8 17. b6 Qb7 18. Nc5 Bxc5 19. dxc5 Ne4 20. Rc1 Bc6 21. a4 Qd7
22. Ne5 Qe7 23. f3 Ng5 24. Bd3 Nb7 25. h4 Nh7 26. Ba6 Be8 27. c6 Qd6 28. Bxb7
Qxe5 29. Bd4 Qb8 30. Bxc8 Qxc8 31. Qc2 f6 32. c7 Bd7 33. Ra1 e5 34. Bc5 Re8 35.
Qd2 Qb7 36. Qxa5 e4 37. Qa7 Qc6 38. b7 Qxc7 39. b8=Q Qxb8 40. Qxd7 Rd8 41. Qe6+
Kh8 42. Rfb1 Qa8 43. Qf7 exf3 44. Rb7 Rg8 45. gxf3 Qc8 46. Qxd5 Qh3 47. Bf2 Qc8
48. Rab1 Nf8 49. Bg3 Qh3 50. Kf2 g5 51. Qf7 gxh4 52. Qxf6+ 1-0

[Event "Frankfurt Ch B 2016"]
[Site "Ffm-Höchst, BiKuZ"]
[Date "2016.06.13"]
[Round "7.8"]
[White "Mayer, Rolf"]
[Black "Urbach, Jens"]
[Result "0-1"]
[WhiteElo "1259"]
[BlackElo "1417"]
[PlyCount "108"]
[EventDate "2016.??.??"]
[WhiteTeam "SC Flörsheim"]
[BlackTeam "SF Frankfurt"]

1. d4 Nf6 2. Nf3 d5 3. h3 e6 4. Bf4 c5 5. e3 Qb6 6. Qc1 Qa5+ 7. Qd2 Qb6 8. Qc1
Ne4 9. Nbd2 Qa5 10. c3 Nxd2 11. Qxd2 c4 12. Be2 Be7 13. O-O O-O 14. b3 b5 15.
bxc4 bxc4 16. Rfb1 Nd7 17. a4 a6 18. Ne5 Nxe5 19. Bxe5 f6 20. Bh2 Qd8 21. Qc2
Bd6 22. Bxd6 Qxd6 23. e4 Ra7 24. a5 Rb7 25. Bg4 Rb5 26. exd5 f5 27. Bf3 exd5
28. Qa4 Bd7 29. Qa2 Rfb8 30. Rxb5 Rxb5 31. Rb1 Rxb1+ 32. Qxb1 g6 33. Qb6 Qxb6
34. axb6 Bc6 35. Bd1 Kf7 36. Ba4 Bb7 37. f4 Ke7 38. g4 fxg4 39. hxg4 Kd6 40.
Kg2 Bc6 41. Bc2 Bb7 42. Kg3 a5 43. Kh4 Bc6 44. b7 Bxb7 45. Ba4 Bc6 46. Bxc6
Kxc6 47. Kg5 a4 48. Kh6 a3 49. Kxh7 a2 50. Kxg6 a1=Q 51. g5 Qxc3 52. Kh7 Qxd4
53. g6 Qxf4 54. g7 Qg5 0-1

[Event "Frankfurt Ch B 2016"]
[Site "Ffm-Höchst, BiKuZ"]
[Date "2016.06.13"]
[Round "7.11"]
[White "Ratfai, Miksa"]
[Black "Dröser, Wolfgang"]
[Result "1/2-1/2"]
[WhiteElo "947"]
[BlackElo "1190"]
[PlyCount "56"]
[EventDate "2016.??.??"]
[WhiteTeam "SC Bad Soden"]
[BlackTeam "SF Frankfurt"]

1. e4 d6 2. d4 Nf6 3. Nc3 c6 4. Nf3 Bg4 5. h3 Bh5 6. Bc4 Qc7 7. O-O h6 8. Bf4
e6 9. a3 Nbd7 10. b4 b5 11. Bb3 e5 12. Bg3 g5 13. d5 g4 14. hxg4 Bxg4 15. a4
Rb8 16. Qd3 a6 17. Nh4 Be7 18. f3 Bh5 19. Nf5 Bf8 20. Bh4 Rg8 21. Qe3 Qb6 22.
Qxb6 Rxb6 23. axb5 cxb5 24. Ra2 Nh7 25. Kh1 Nb8 26. f4 Kd7 27. Ng3 Rg4 28. Nf5
exf4 1/2-1/2

[Event "Frankfurt Ch B 2016"]
[Site "Ffm-Höchst, BiKuZ"]
[Date "2016.06.13"]
[Round "7.12"]
[White "Mook, Karl-Jürgen"]
[Black "Neagu, Liviu"]
[Result "0-1"]
[WhiteElo "1329"]
[BlackElo "1357"]
[PlyCount "94"]
[EventDate "2016.??.??"]
[WhiteTeam "SC Sulzbach"]
[BlackTeam "SF Friedberg"]

1. e4 c5 2. Nf3 e6 3. d4 cxd4 4. Nxd4 Nc6 5. c3 Nf6 6. Nxc6 bxc6 7. f3 Bc5 8.
Bc4 d5 9. exd5 cxd5 10. Bb5+ Nd7 11. Qe2 O-O 12. Be3 Qb6 13. Bxc5 Nxc5 14. b4
Nb7 15. Nd2 Nd6 16. Ba4 Ba6 17. Qf2 Qc7 18. Rc1 Nc4 19. Nb3 Ne5 20. Kd2 Nd3 21.
Qe3 Nxc1 22. Rxc1 Qxh2 23. Qf2 Qf4+ 24. Qe3 Qh2 25. Qf2 Qf4+ 26. Qe3 Qxe3+ 27.
Kxe3 Bc4 28. Rc2 Bxb3 29. Bxb3 Rfd8 30. Rd2 Rac8 31. Kd4 f6 32. f4 g6 33. Ke3
Kg7 34. Rd3 Rc7 35. Kd4 Rdc8 36. Re3 Rc6 37. Bxd5 exd5 38. Re7+ Kh6 39. Kxd5
Rxc3 40. Rxa7 R3c4 41. g3 Rxb4 42. Ke6 f5 43. Ra3 Kh5 44. Kf6 Kg4 45. Kg7 Rb7+
46. Kf6 h5 47. Kxg6 Rc6# 0-1

[Event "Frankfurt Ch B 2016"]
[Site "Ffm-Höchst, BiKuZ"]
[Date "2016.06.13"]
[Round "7.13"]
[White "Fredershausen, Kurt"]
[Black "Peschk, Kathrin"]
[Result "1/2-1/2"]
[WhiteElo "1023"]
[BlackElo "1131"]
[PlyCount "58"]
[EventDate "2016.??.??"]
[WhiteTeam "SC Bad Soden"]
[BlackTeam "SV Groß-Gerau"]

1. d4 f5 2. Bf4 d5 3. e3 Nf6 4. Nf3 e6 5. Nbd2 Be7 6. Bd3 c6 7. O-O O-O 8. c4
Nbd7 9. c5 Ne4 10. Be2 Ndf6 11. h3 Bd7 12. Ne5 Qa5 13. Nef3 Nxd2 14. Nxd2 Ne4
15. Nxe4 fxe4 16. a3 Qd8 17. f3 exf3 18. Rxf3 Bf6 19. Bg3 Bh4 20. Rxf8+ Kxf8
21. Qf1+ Bf6 22. Bd6+ Kg8 23. Qf4 Qe8 24. Rf1 Be7 25. Bd3 Bxd6 26. Qxd6 Qd8 27.
Qf4 Qe7 28. Qg3 Rf8 29. Rxf8+ Qxf8 1/2-1/2

[Event "Frankfurt Ch B 2016"]
[Site "Ffm-Höchst, BiKuZ"]
[Date "2016.06.13"]
[Round "7.14"]
[White "Pessotschinski, Lars"]
[Black "Landvoigt, Martin"]
[Result "1-0"]
[WhiteElo "764"]
[BlackElo "1155"]
[PlyCount "151"]
[EventDate "2016.??.??"]
[WhiteTeam "TuS Makkabi"]
[BlackTeam "SF Friedberg"]

1. e4 c5 2. c4 Nc6 3. Nf3 d6 4. h3 g6 5. Nc3 e6 6. Bd3 Bg7 7. O-O Nge7 8. b3
Nd4 9. Bb2 O-O 10. Ne2 Nxf3+ 11. gxf3 Bxb2 12. Rb1 Be5 13. f4 Bg7 14. Ng3 d5
15. e5 Nf5 16. Qe2 Bh6 17. Qf3 Nd4 18. Qe3 a6 19. Rb2 b5 20. cxb5 axb5 21. Bb1
Ba6 22. b4 Qb6 23. Rc1 c4 24. Ne2 Bxf4 25. Nxf4 Rab8 26. Ne2 Nf5 27. Qxb6 Rxb6
28. Bxf5 exf5 29. d4 cxd3 30. Nf4 Re8 31. Nxd5 Rb7 32. Nf6+ Kf8 33. Nxe8 Kxe8
34. Rc6 Ra7 35. Rd2 Bb7 36. Rc7 Kd8 37. Rxf7 Kc8 38. Rxd3 Kb8 39. e6 Rxa2 40.
e7 Ra1+ 41. Kh2 Rh1+ 42. Kg3 Re1 43. Rd8+ Ka7 44. e8=Q Rxe8 45. Rxe8 Ka6 46.
Rb8 Be4 47. Rxh7 g5 48. f3 f4+ 49. Kg4 Bxh7 50. Kxg5 Bd3 51. Kxf4 Ka7 52. Rd8
Bc4 53. h4 Kb7 54. Rf8 Kc7 55. Ke5 Kd7 56. Rf6 Ke7 57. f4 Be2 58. Rh6 Kf7 59.
f5 Kg7 60. Rg6+ Kf7 61. Rg5 Bf3 62. h5 Bxh5 63. Rxh5 Kg7 64. Ke6 Kf8 65. Rh7
Kg8 66. Re7 Kf8 67. f6 Kg8 68. Rh7 Kxh7 69. f7 Kg7 70. Ke7 Kg6 71. f8=Q Kg5 72.
Ke6 Kg4 73. Ke5 Kh3 74. Qg7 Kh4 75. Kf4 Kh3 76. Qg3# 1-0

[Event "Frankfurt Ch B 2016"]
[Site "Ffm-Höchst, BiKuZ"]
[Date "2016.06.13"]
[Round "7.15"]
[White "Blank, Martina"]
[Black "Lassek, Bjarne"]
[Result "1-0"]
[WhiteElo "955"]
[BlackElo "737"]
[PlyCount "33"]
[EventDate "2016.??.??"]
[WhiteTeam "vereinslos"]
[BlackTeam "SC Nied"]

1. e4 e5 2. Nf3 Nc6 3. Bb5 a6 4. Bxc6 dxc6 5. Nxe5 Qg5 6. O-O Qxe5 7. Nc3 Bd6
8. f4 Qd4+ 9. Kh1 Nf6 10. e5 Ng4 11. Qf3 Bc5 12. Ne4 Ba3 13. c3 Qc4 14. bxa3
Nxe5 15. fxe5 Bg4 16. Qf4 O-O 17. Nf6+ 1-0

[Event "Frankfurt Ch B 2016"]
[Site "Ffm-Höchst, BiKuZ"]
[Date "2016.06.13"]
[Round "7.16"]
[White "Lachmann, Irma"]
[Black "Häfner, Günther"]
[Result "1/2-1/2"]
[WhiteElo "743"]
[BlackElo "845"]
[PlyCount "50"]
[EventDate "2016.??.??"]
[WhiteTeam "FV Berkersheim"]
[BlackTeam "FV Berkersheim"]

1. Nf3 d5 2. d4 c6 3. g3 Bf5 4. Bg2 e6 5. O-O Nd7 6. Nbd2 Ngf6 7. h3 Be4 8. c3
Bd6 9. a3 O-O 10. b4 Bxf3 11. Bxf3 Ne4 12. Bxe4 dxe4 13. Nxe4 Be7 14. Kg2 f5
15. Nc5 Bxc5 16. bxc5 Nf6 17. f3 Nd5 18. Bd2 Qc7 19. Rb1 Nf6 20. f4 Ne4 21. Qe1
Qd7 22. Bc1 Rab8 23. Rh1 Qd5 24. Kh2 Rf6 25. Rg1 Rg6 1/2-1/2

[Event "Frankfurt Ch B 2016"]
[Site "Ffm-Höchst, BiKuZ"]
[Date "2016.06.13"]
[Round "7.17"]
[White "Lochmann, Tobias"]
[Black "Albrecht, Edwin"]
[Result "0-1"]
[WhiteElo "729"]
[BlackElo "838"]
[PlyCount "70"]
[EventDate "2016.??.??"]
[WhiteTeam "SV Groß-Gerau"]
[BlackTeam "SC Bad Soden"]

1. c4 e5 2. e4 Bc5 3. Nh3 d6 4. Nc3 Nf6 5. Be2 Be6 6. Ng5 Bd7 7. O-O h6 8. Nf3
Nc6 9. Ne1 Nd4 10. d3 Nxe2+ 11. Nxe2 Qe7 12. Nc2 Qe6 13. Be3 Qg4 14. g3 Qf3 15.
Ne1 Qg4 16. d4 exd4 17. Bxd4 Qxe4 18. Nc3 Qc6 19. Qf3 Bh3 20. Qxc6+ bxc6 21.
Ng2 Bxd4 22. Rfe1+ Be6 23. Nf4 Kd7 24. Ne4 Nxe4 25. Rxe4 Bxb2 26. Rd1 Bf5 27.
Re2 Bg4 28. f3 Bxf3 29. Rdd2 Bxe2 30. Rxe2 Bd4+ 31. Kg2 g5 32. Rd2 Be3 33. Rd1
Bxf4 34. gxf4 gxf4 35. Kf3 Rab8 0-1